000 00353 a2200157 4500
001 186395
020 _a85-7272-135-5
040 _cMagnum
100 _aBarreto, Antonio
240 1 0 _aO menino que não sonhava só
_lpor
245 1 0 _aO menino que não sonhava só
300 _a30
362 0 _a2000
697 _aLITERATURA INFANTO
942 _cBK
999 _c186395
_d186395